000
00253nam a22001217a 4500
003
SGT
082
_a
080
_b
A02C
100
_a
CRUVER, BRIAN
245
_a
ANATOMY OF GREED
260
_b
THE RANDOM HOUSE HP. LTD.
_c
2002
300
_a
365
942
_2
ddc
_c
BK
999
_c
31904
_d
31904